[Event "XVIII Torneo Int. "]
[Site "Navalmoral de la Mata"]
[Date "2012.12.05"]
[Round "1"]
[White "Fedorchuk, Sergey A"]
[Black "Rodrigues, Afonso"]
[Result "1-0"]
[WhiteElo "2661"]
[BlackElo "2174"]
[PlyCount "49"]
[EventDate "2012.12.05"]
[EventRounds "9"]
[EventCountry "ESP"]

1. e4 e6 2. d4 d5 3. Nd2 Nf6 4. e5 Nfd7 5. Ngf3 c5 6. c3 Nc6 7. Bd3 f6 8. exf6
Qxf6 9. O-O Bd6 10. dxc5 Nxc5 11. Bc2 O-O 12. Nc4 Bxh2+ 13. Nxh2 dxc4 14. Bxh7+
Kxh7 15. Qh5+ Kg8 16. Qxc5 Qh4 17. f4 Rf5 18. Qxc4 Ne5 19. Nf3 Nxf3+ 20. Rxf3
Bd7 21. Be3 Rc8 22. Qe2 e5 23. Rd1 Rf7 24. Qf2 Qg4 25. fxe5 1-0

[Event "XVIII Torneo Int. "]
[Site "Navalmoral de la Mata"]
[Date "2012.12.05"]
[Round "1"]
[White "Peralta, Fernando"]
[Black "Valhondo Morales, Ruben"]
[Result "1-0"]
[WhiteElo "2612"]
[BlackElo "2138"]
[PlyCount "95"]
[EventDate "2012.12.05"]
[EventRounds "9"]
[EventCountry "ESP"]

1. d4 Nf6 2. c4 g6 3. Nc3 Bg7 4. e4 d6 5. Nf3 O-O 6. Be2 e5 7. Be3 h6 8. O-O
Nc6 9. d5 Ne7 10. Nd2 Nd7 11. b4 f5 12. f3 f4 13. Bf2 Nf6 14. c5 g5 15. Nc4 Ne8
16. a4 Ng6 17. cxd6 Nxd6 18. a5 Bd7 19. Nxd6 cxd6 20. Nb5 Bxb5 21. Bxb5 Rf7 22.
Rc1 Bf6 23. Rc3 Rc7 24. Rxc7 Qxc7 25. Qd2 Qf7 26. Rc1 Bd8 27. Rc3 Nf8 28. Qc2
Qe7 29. g3 Kf7 30. Qc1 b6 31. a6 Kg7 32. Qf1 Qf7 33. Qh3 h5 34. Be2 Kh6 35. Rc6
Bc7 36. Qf5 Qxf5 37. exf5 Rc8 38. gxf4 exf4 39. Bd4 Nd7 40. Bd3 g4 41. f6 Kg5
42. f7 b5 43. Kg2 h4 44. fxg4 Kxg4 45. h3+ Kg5 46. Kf3 Nf8 47. Rc2 Kh6 48. Bf5
1-0

[Event "XVIII Torneo Int. "]
[Site "Navalmoral de la Mata"]
[Date "2012.12.05"]
[Round "1"]
[White "Castilla Leon Salas, Carlos"]
[Black "Epishin, Vladimir"]
[Result "0-1"]
[WhiteElo "2121"]
[BlackElo "2575"]
[PlyCount "90"]
[EventDate "2012.12.05"]
[EventRounds "9"]
[EventCountry "ESP"]

1. d4 Nf6 2. c4 d6 3. Nc3 Bf5 4. f3 e5 5. d5 e4 6. g4 Bg6 7. g5 Nh5 8. Nxe4 Be7
9. Nh3 h6 10. Rg1 Bxe4 11. fxe4 hxg5 12. Nxg5 Nd7 13. Qa4 Kf8 14. Bd2 Bf6 15.
O-O-O Qe7 16. h4 Nc5 17. Qc2 Re8 18. b4 Nxe4 19. Ne6+ fxe6 20. Qxe4 exd5 21.
Qxd5 c6 22. Qf5 Qe4 23. Qxe4 Rxe4 24. e3 Ke7 25. Bd3 Rxh4 26. Rg6 Rh6 27. Rdg1
Rxg6 28. Rxg6 Kf7 29. Kd1 Rh1+ 30. Kc2 Rh2 31. a4 Be7 32. b5 Nf6 33. Rg1 d5 34.
bxc6 bxc6 35. Rb1 g5 36. cxd5 cxd5 37. a5 g4 38. Kc3 d4+ 39. exd4 Nd5+ 40. Kc2
Bg5 41. Bc4 Rxd2+ 42. Kb3 Rxd4 43. Rg1 Ke6 44. a6 Ke5 45. Re1+ Ne3 0-1

[Event "XVIII Torneo Int. "]
[Site "Navalmoral de la Mata"]
[Date "2012.12.05"]
[Round "1"]
[White "Nabaty, Tamir"]
[Black "Huguet, Sergio"]
[Result "1-0"]
[WhiteElo "2569"]
[BlackElo "2110"]
[PlyCount "69"]
[EventDate "2012.12.05"]
[EventRounds "9"]
[EventCountry "ESP"]

1. Nf3 Nf6 2. c4 g6 3. b4 Bg7 4. Bb2 O-O 5. e3 d6 6. d3 Nbd7 7. Nbd2 a5 8. b5
e5 9. Be2 Nc5 10. d4 exd4 11. exd4 Nce4 12. O-O Re8 13. a4 b6 14. Re1 Bb7 15.
Qc2 Qd7 16. Bd3 Nxd2 17. Nxd2 Rxe1+ 18. Rxe1 Re8 19. Rxe8+ Qxe8 20. Bc3 Qe1+
21. Nf1 Qe7 22. f3 Kf8 23. Kf2 Nh5 24. Be4 d5 25. cxd5 f5 26. d6 cxd6 27. Bc6
Nf4 28. Ne3 Ne6 29. Nxf5 gxf5 30. Qxf5+ Kg8 31. Bxb7 Bxd4+ 32. Bxd4 Nxd4 33.
Bd5+ Kh8 34. Qc8+ Kg7 35. Qg4+ 1-0

[Event "XVIII Torneo Int. "]
[Site "Navalmoral de la Mata"]
[Date "2012.12.05"]
[Round "1"]
[White "Silva, Miguel Antonio Neto"]
[Black "Perez Candelario, Manuel"]
[Result "0-1"]
[WhiteElo "2107"]
[BlackElo "2568"]
[PlyCount "60"]
[EventDate "2012.12.05"]
[EventRounds "9"]
[EventCountry "ESP"]

1. d4 g6 2. Nf3 Bg7 3. g3 d6 4. Bg2 Nd7 5. O-O e5 6. c4 Ne7 7. Nc3 O-O 8. e4
exd4 9. Nxd4 Nc6 10. Nxc6 bxc6 11. Qc2 Qf6 12. Ne2 a5 13. Rb1 a4 14. Bd2 Qe5
15. Bc3 Qc5 16. Bxg7 Kxg7 17. b4 axb3 18. axb3 Ne5 19. h3 f5 20. Nf4 Kg8 21. b4
Qa7 22. c5 Qa2 23. Rb2 Qf7 24. Kh2 fxe4 25. Bxe4 d5 26. Bg2 g5 27. Ne2 Qh5 28.
Nd4 Bxh3 29. Bxh3 g4 30. Kh1 Rxf2 0-1

[Event "XVIII Torneo Int. "]
[Site "Navalmoral de la Mata"]
[Date "2012.12.05"]
[Round "1"]
[White "Narciso Dublan, Marc"]
[Black "Diaz Rodriguez, Jose Antonio"]
[Result "1-0"]
[WhiteElo "2551"]
[BlackElo "2103"]
[PlyCount "45"]
[EventDate "2012.12.05"]
[EventRounds "9"]
[EventCountry "ESP"]

1. d4 Nf6 2. c4 g6 3. Nc3 Bg7 4. e4 d6 5. Be2 O-O 6. Nf3 Nbd7 7. Be3 e5 8. d5
Nh5 9. g3 Nc5 10. Nd2 Nf6 11. g4 Ne8 12. Rg1 Kh8 13. Qc2 f5 14. gxf5 gxf5 15.
O-O-O f4 16. Bxc5 dxc5 17. Bg4 a6 18. Nf3 Nd6 19. Bxc8 Qxc8 20. Ng5 Nxc4 21.
Qe2 Nd6 22. Qh5 h6 23. Ne6 1-0

[Event "XVIII Torneo Int. "]
[Site "Navalmoral de la Mata"]
[Date "2012.12.05"]
[Round "1"]
[White "Garcia Del Campo, Luis Alberto"]
[Black "Nikolov, Momchil"]
[Result "0-1"]
[WhiteElo "2096"]
[BlackElo "2542"]
[PlyCount "88"]
[EventDate "2012.12.05"]
[EventRounds "9"]
[EventCountry "ESP"]

1. d4 Nf6 2. Bg5 e6 3. e4 h6 4. Bxf6 Qxf6 5. Nc3 d6 6. Nf3 Nd7 7. Qd2 c6 8.
O-O-O e5 9. h4 Be7 10. Kb1 Bd8 11. dxe5 dxe5 12. Bc4 O-O 13. Ne2 b5 14. Bb3 Nc5
15. Ng3 Bb6 16. Rdf1 Bg4 17. Nh2 Nxb3 18. axb3 Be6 19. Nh5 Qd8 20. Qc1 f5 21.
f4 fxe4 22. fxe5 Rxf1 23. Nxf1 Qd4 24. Nf6+ gxf6 25. Qxh6 Qxe5 26. Nd2 Bf7 27.
Rf1 e3 28. Rf4 f5 29. Nf3 e2 30. Qg5+ Qg7 31. Qxf5 Kf8 32. Ka2 Re8 33. h5 Bd8
34. h6 Qf6 35. h7 Kg7 36. Qg4+ Qg6 37. Qd7 Qe6 38. Qxa7 Bf6 39. g4 Qe3 40. Qxe3
Rxe3 41. Ne1 Re8 42. Nf3 Bd5 43. g5 Bxf3 44. gxf6+ Kf7 0-1

[Event "XVIII Torneo Int. "]
[Site "Navalmoral de la Mata"]
[Date "2012.12.05"]
[Round "1"]
[White "Ibarra Jerez, Jose Carlos"]
[Black "Ribeiro, Jose"]
[Result "1-0"]
[WhiteElo "2535"]
[BlackElo "2085"]
[PlyCount "141"]
[EventDate "2012.12.05"]
[EventRounds "9"]
[EventCountry "ESP"]

1. e4 c6 2. Nc3 d5 3. Nf3 dxe4 4. Nxe4 Nf6 5. Qe2 Nxe4 6. Qxe4 Qd5 7. Qf4 Qf5
8. Qc4 Qe6+ 9. Be2 Qxc4 10. Bxc4 Bf5 11. d3 Nd7 12. a3 h6 13. h3 e5 14. Bd2 Bd6
15. O-O-O O-O 16. Rhe1 Rfe8 17. Re2 Be6 18. Bc3 Bd5 19. Rde1 Bxf3 20. gxf3 Kf8
21. f4 f6 22. f5 Nb6 23. Re4 Nd5 24. Bd2 Rad8 25. h4 Bc5 26. f3 Nf4 27. Rf1 Nh5
28. Be1 Re7 29. a4 a6 30. a5 Ke8 31. b4 Ba7 32. Kb2 Rd4 33. c3 Rd8 34. Kc2 Nf4
35. Bg3 Nh5 36. Bh2 Kf8 37. Re2 Rde8 38. Rfe1 Nf4 39. Rd2 Nd5 40. Rde2 Nf4 41.
Bxf4 exf4 42. Be6 Be3 43. h5 Rc7 44. d4 Ke7 45. Rg2 Kd6 46. Rg4 Bf2 47. Re2 Bg3
48. Re4 Rce7 49. Kd3 Rd8 50. Rg6 Kc7 51. c4 Kd6 52. Kc3 Kc7 53. d5 cxd5 54.
Bxd5 Rdd7 55. Re6 Be1+ 56. Kb3 Bg3 57. Ka4 Kb8 58. b5 axb5+ 59. cxb5 Rxe6 60.
Bxe6 Re7 61. b6 Ka8 62. Kb5 Kb8 63. Kc5 Be1 64. Kb5 Bg3 65. Rg4 Ka8 66. Kc5 Be1
67. Rxf4 Bf2+ 68. Kb5 Re8 69. Rc4 Bg3 70. Rc7 Bd6 71. Rxb7 1-0

[Event "XVIII Torneo Int. "]
[Site "Navalmoral de la Mata"]
[Date "2012.12.05"]
[Round "1"]
[White "Santos Ruiz, Miguel"]
[Black "Matamoros Franco, Carlos S"]
[Result "0-1"]
[WhiteElo "2072"]
[BlackElo "2519"]
[PlyCount "32"]
[EventDate "2012.12.05"]
[EventRounds "9"]
[EventCountry "ESP"]

1. e4 e6 2. d4 d5 3. Nd2 Nf6 4. e5 Nfd7 5. f4 c5 6. Ngf3 Nc6 7. Nb3 c4 8. Nbd2
h6 9. c3 b5 10. g3 b4 11. Bh3 Qa5 12. Qc2 Nb6 13. O-O g6 14. Nb1 b3 15. Qe2
Qxa2 16. Rxa2 bxa2 0-1

[Event "XVIII Torneo Int. "]
[Site "Navalmoral de la Mata"]
[Date "2012.12.06"]
[Round "2"]
[White "Espinosa Aranda, Angel"]
[Black "Fedorchuk, Sergey A"]
[Result "1-0"]
[WhiteElo "2421"]
[BlackElo "2661"]
[PlyCount "91"]
[EventDate "2012.12.05"]
[EventRounds "9"]
[EventCountry "ESP"]

1. e4 e5 2. Nf3 Nc6 3. Nc3 Nf6 4. Bb5 Bc5 5. O-O O-O 6. Nxe5 Nxe5 7. d4 Bd6 8.
f4 Neg4 9. Be2 Bb4 10. e5 d6 11. exf6 Nxf6 12. Qd3 Re8 13. Bf3 d5 14. f5 c6 15.
Bg5 Bd6 16. Rae1 Rxe1 17. Rxe1 Bd7 18. h3 Qf8 19. g4 Bc7 20. Bg2 Qb4 21. Bd2
Qd6 22. Re5 Qf8 23. Re1 h6 24. Ne2 Re8 25. Kf1 h5 26. Bf3 Ne4 27. Bf4 hxg4 28.
hxg4 Bxf4 29. Nxf4 Qd6 30. Ng2 c5 31. Bxe4 dxe4 32. Rxe4 Rxe4 33. Qxe4 cxd4 34.
Qf4 Bb5+ 35. Kf2 Qd8 36. Ne1 Qh4+ 37. Qg3 Qh6 38. g5 Qh1 39. Qb8+ Kh7 40. Nf3
Qf1+ 41. Kg3 Qc1 42. Qd8 Bc4 43. b3 d3 44. bxc4 dxc2 45. g6+ Kh6 46. Qh4# 1-0

[Event "XVIII Torneo Int. "]
[Site "Navalmoral de la Mata"]
[Date "2012.12.06"]
[Round "2"]
[White "Komljenovic, Davorin"]
[Black "Peralta, Fernando"]
[Result "0-1"]
[WhiteElo "2409"]
[BlackElo "2612"]
[PlyCount "56"]
[EventDate "2012.12.05"]
[EventRounds "9"]
[EventCountry "ESP"]

1. d4 Nf6 2. c4 e6 3. Nc3 Bb4 4. Qc2 d5 5. cxd5 exd5 6. Bg5 c5 7. Nf3 h6 8.
Bxf6 Qxf6 9. a3 Bxc3+ 10. Qxc3 Nd7 11. g3 O-O 12. Bg2 Re8 13. e3 b6 14. O-O Bb7
15. Rfc1 Qe7 16. dxc5 bxc5 17. b4 c4 18. Rd1 Nf6 19. Qd4 a5 20. b5 a4 21. Nd2
Rad8 22. Nb1 Ne4 23. Nc3 Nc5 24. Nxd5 Bxd5 25. Bxd5 Nb3 26. Qxc4 Nxa1 27. Rxa1
Kf8 28. Bc6 Qf6 {(Ilegible)} 0-1

[Event "XVIII Torneo Int. "]
[Site "Navalmoral de la Mata"]
[Date "2012.12.06"]
[Round "2"]
[White "Epishin, Vladimir"]
[Black "Pogorelov, Ruslan"]
[Result "1-0"]
[WhiteElo "2575"]
[BlackElo "2408"]
[PlyCount "23"]
[EventDate "2012.12.05"]
[EventRounds "9"]
[EventCountry "ESP"]

1. d4 e6 2. c4 Bb4+ 3. Nd2 c5 4. dxc5 Nf6 5. g3 Bxc5 6. Nh3 Qc7 7. Bg2 O-O 8.
O-O Be7 9. Nf4 d6 10. b3 Bd7 11. Bb2 Nc6 12. e4 {(Ilegible)} 1-0

[Event "XVIII Torneo Int. "]
[Site "Navalmoral de la Mata"]
[Date "2012.12.06"]
[Round "2"]
[White "Aloma Vidal, Robert"]
[Black "Nabaty, Tamir"]
[Result "0-1"]
[WhiteElo "2402"]
[BlackElo "2569"]
[PlyCount "54"]
[EventDate "2012.12.05"]
[EventRounds "9"]
[EventCountry "ESP"]

1. d4 d5 2. c4 c6 3. Nf3 Nf6 4. Nc3 dxc4 5. a4 Na6 6. e4 Bg4 7. Bxc4 Bxf3 8.
gxf3 e6 9. Be3 Nb4 10. O-O Be7 11. Kh1 Qa5 12. Rg1 g6 13. Rc1 h6 14. f4 O-O-O
15. Qf3 Kb8 16. Rgd1 g5 17. Rg1 g4 18. Qg3 h5 19. f5+ Ka8 20. fxe6 fxe6 21.
Bxe6 Nd3 22. e5 Nxc1 23. exf6 Bxf6 24. Rxc1 Bxd4 25. Bf4 Qb4 26. Ne2 Bxb2 27.
Rc4 Qe1+ 0-1

[Event "XVIII Torneo Int. "]
[Site "Navalmoral de la Mata"]
[Date "2012.12.06"]
[Round "2"]
[White "Perez Candelario, Manuel"]
[Black "Moreno Tejera, Emilio"]
[Result "1/2-1/2"]
[WhiteElo "2568"]
[BlackElo "2386"]
[PlyCount "97"]
[EventDate "2012.12.05"]
[EventRounds "9"]
[EventCountry "ESP"]

1. e4 c5 2. Ne2 e6 3. d4 cxd4 4. Nxd4 Nf6 5. Nc3 d6 6. g4 h6 7. h3 Nc6 8. Be3
a6 9. Bg2 Ne5 10. Qe2 g5 11. f4 gxf4 12. Bxf4 Nfd7 13. O-O-O b5 14. Nf3 Bb7 15.
Rhf1 Qc7 16. Nxe5 Nxe5 17. Qf2 Rh7 18. Ne2 Be7 19. Kb1 Bg5 20. Bg3 O-O-O 21.
Nf4 Kb8 22. b3 Ka8 23. Nd3 Rc8 24. Qe2 Rg7 25. Be1 Be7 26. Nf4 Bg5 27. Bb4 Be7
28. Ba3 Rgg8 29. Nd3 Bf8 30. Rf2 Nc6 31. Bb2 Bg7 32. Bxg7 Rxg7 33. Qe3 Rg5 34.
Rdd2 Ne5 35. Nf4 Ng6 36. Qg3 Ne5 37. Qe3 Rgg8 38. Nh5 Rg5 39. Qd4 Qa5 40. Nf4
Nc4 41. bxc4 e5 42. Qxd6 exf4 43. e5 Bxg2 44. Rxg2 bxc4 45. Rd5 Qe1+ 46. Rd1
Qa5 47. Rd5 Qe1+ 48. Rd1 Qa5 49. Rd5 1/2-1/2

[Event "XVIII Torneo Int. "]
[Site "Navalmoral de la Mata"]
[Date "2012.12.06"]
[Round "2"]
[White "Ladron De Guevara Pinto, Paolo"]
[Black "Narciso Dublan, Marc"]
[Result "0-1"]
[WhiteElo "2338"]
[BlackElo "2551"]
[PlyCount "76"]
[EventDate "2012.12.05"]
[EventRounds "9"]
[EventCountry "ESP"]

1. e4 e6 2. d4 d5 3. Nd2 Nf6 4. e5 Nfd7 5. f4 c5 6. c3 Nc6 7. Ngf3 Be7 8. Nb3
c4 9. Nbd2 b5 10. Be2 O-O 11. Nf1 f6 12. Ne3 fxe5 13. fxe5 Nb6 14. O-O Bd7 15.
Qe1 Be8 16. Qg3 Bg6 17. Bd2 b4 18. h4 Kh8 19. Ng4 Na4 20. Ng5 Qd7 21. b3 Nxc3
22. Bxc3 bxc3 23. Qxc3 Bb4 24. Qe3 Qe7 25. Kh1 h6 26. Nf3 cxb3 27. axb3 Be4 28.
Ngh2 Rac8 29. Bd3 Bxd3 30. Qxd3 Ba5 31. Rfc1 Bb6 32. h5 Kg8 33. g4 Qf7 34. Kg2
Ne7 35. Rf1 Qf4 36. Rad1 Qe4 37. Rfe1 Rc2+ 38. Kf1 Qxd3+ 0-1

[Event "XVIII Torneo Int. "]
[Site "Navalmoral de la Mata"]
[Date "2012.12.06"]
[Round "2"]
[White "Nikolov, Momchil"]
[Black "Cabezas Ayala, Ivan"]
[Result "0-1"]
[WhiteElo "2542"]
[BlackElo "2315"]
[PlyCount "126"]
[EventDate "2012.12.05"]
[EventRounds "9"]
[EventCountry "ESP"]

1. d4 Nf6 2. c4 g6 3. Nc3 Bg7 4. e4 d6 5. f3 O-O 6. Nge2 a6 7. Be3 Nc6 8. Qd2
Rb8 9. Rc1 e6 10. Nd1 Ne7 11. Ng3 Nd7 12. Bd3 c5 13. d5 Ne5 14. Be2 b5 15. b3
bxc4 16. bxc4 f5 17. f4 Nf7 18. exf5 exf5 19. O-O Kh8 20. Nf2 Ng8 21. Rb1 Bd7
22. Rxb8 Qxb8 23. Qc2 Qc7 24. Rb1 Rb8 25. Bd2 Qd8 26. Bd3 Nfh6 27. h3 Nf7 28.
Ne2 Rb6 29. Kf1 Qb8 30. Rb3 Rxb3 31. axb3 Qd8 32. Qa2 Qb6 33. Bc2 Nf6 34. Qa5
Qxa5 35. Bxa5 Kg8 36. Ke1 Kf8 37. Kd2 Ke7 38. b4 cxb4 39. Bxb4 Nd8 40. Bc3 Nb7
41. g4 fxg4 42. hxg4 Nxg4 43. Bxg7 Nxf2 44. Ng3 Ng4 45. Bd4 Nh6 46. Bf2 Nf5 47.
Ne4 h5 48. c5 Nxc5 49. Nxc5 dxc5 50. Bxc5+ Kf6 51. Bb6 Kf7 52. Ke2 Nd6 53. Bc5
Bg4+ 54. Kf2 Bf5 55. Bxd6 Bxc2 56. Bb4 h4 57. Kg2 Bf5 58. Be1 h3+ 59. Kg3 Ke7
60. Bb4+ Kd7 61. Kf3 Kc7 62. Bc5 a5 63. Kf2 Kb7 0-1

[Event "XVIII Torneo Int. "]
[Site "Navalmoral de la Mata"]
[Date "2012.12.06"]
[Round "2"]
[White "Almagro Mazariegos, Sebastian"]
[Black "Ibarra Jerez, Jose Carlos"]
[Result "1/2-1/2"]
[WhiteElo "2306"]
[BlackElo "2535"]
[PlyCount "95"]
[EventDate "2012.12.05"]
[EventRounds "9"]
[EventCountry "ESP"]

1. e4 c5 2. Nf3 e6 3. d4 cxd4 4. Nxd4 a6 5. Bd3 Nf6 6. O-O e5 7. Nb3 Nc6 8. c4
a5 9. Be3 d6 10. f3 Be7 11. Nc3 O-O 12. Qd2 Nd7 13. Na4 b6 14. Rfd1 Nc5 15. Nc3
h6 16. Bf1 Be6 17. Rac1 Ra7 18. Na1 Rd7 19. Nc2 Bg5 20. Bxg5 hxg5 21. h3 g6 22.
Na3 Nd4 23. Nab5 Nxb5 24. Nxb5 Qe7 25. Qe3 f5 26. exf5 gxf5 27. Rd2 Rfd8 28.
Rcd1 Bf7 29. b3 f4 30. Qe1 d5 31. cxd5 Rxd5 32. Bc4 Rxd2 33. Bxf7+ Kxf7 34.
Rxd2 Rxd2 35. Qxd2 Qd7 36. Qe2 Qd3 37. Qxd3 Nxd3 38. Nd6+ Ke6 39. Nc4 Kd5 40.
Nxb6+ Kc5 41. Nc4 a4 42. Nd2 a3 43. Nb1 Kb4 44. g3 Nc1 45. Kf2 Nd3+ 46. Kg1 Ne1
47. Kf2 Nd3+ 48. Kg1 1/2-1/2

[Event "XVIII Torneo Int. "]
[Site "Navalmoral de la Mata"]
[Date "2012.12.06"]
[Round "2"]
[White "Matamoros Franco, Carlos S"]
[Black "Garcia Romero, Benjamin Abel"]
[Result "1-0"]
[WhiteElo "2519"]
[BlackElo "2243"]
[PlyCount "62"]
[EventDate "2012.12.05"]
[EventRounds "9"]
[EventCountry "ESP"]

1. Nf3 Nf6 2. c4 b6 3. g3 Bb7 4. Bg2 e5 5. O-O e4 6. Ne1 Na6 7. d3 Nc5 8. Nc3
exd3 9. Bxb7 Nxb7 10. Nxd3 Be7 11. e4 d6 12. Qf3 O-O 13. e5 dxe5 14. Nxe5 Na5
15. Bg5 h6 16. Rad1 Qc8 17. Bxf6 Bxf6 18. Nd7 Bxc3 19. Nxf8 Bxb2 20. Nd7 Nxc4
21. Rfe1 Nd6 22. Re2 Bc3 23. Rc2 Bb4 24. Rd4 a5 25. Rxc7 Qxc7 26. Qxa8+ Qc8 27.
Nxb6 Qxa8 28. Nxa8 f5 29. Nc7 Ne4 30. Na6 Be1 31. Kf1 Bxf2 1-0

[Event "XVIII Torneo Int. "]
[Site "Navalmoral de la Mata"]
[Date "2012.12.06"]
[Round "3"]
[White "Peralta, Fernando"]
[Black "Campora, Daniel H"]
[Result "1/2-1/2"]
[WhiteElo "2612"]
[BlackElo "2493"]
[PlyCount "34"]
[EventDate "2012.12.05"]
[EventRounds "9"]
[EventCountry "ESP"]

1. d4 Nf6 2. c4 d6 3. Nf3 Bg4 4. Nc3 Bxf3 5. exf3 g6 6. Bd3 Bg7 7. O-O O-O 8.
d5 Nbd7 9. Re1 Nc5 10. Bf1 a5 11. Be3 Nfd7 12. Qd2 e6 13. dxe6 fxe6 14. f4 Kh8
15. b3 c6 16. Rac1 d5 17. g3 b6 {(Ilegible)} 1/2-1/2

[Event "XVIII Torneo Int. "]
[Site "Navalmoral de la Mata"]
[Date "2012.12.06"]
[Round "3"]
[White "Forcen Esteban, Daniel"]
[Black "Epishin, Vladimir"]
[Result "1-0"]
[WhiteElo "2469"]
[BlackElo "2575"]
[PlyCount "77"]
[EventDate "2012.12.05"]
[EventRounds "9"]
[EventCountry "ESP"]

1. e4 c6 2. d4 d5 3. e5 Bf5 4. Nc3 e6 5. g4 Bg6 6. Nge2 Be7 7. Ng3 f6 8. Bg2
fxe5 9. dxe5 Nd7 10. O-O Bh4 11. Nce2 Ne7 12. Nd4 Bf7 13. Nh5 O-O 14. Nf4 Nxe5
15. Nfxe6 Qd7 16. Nxf8 Rxf8 17. h3 c5 18. f4 cxd4 19. fxe5 Nc6 20. Bf4 Be6 21.
Qe2 Rc8 22. Rad1 Bd8 23. Kh1 Bb6 24. c3 h6 25. Bg3 dxc3 26. bxc3 Ne7 27. Rf3
Ba5 28. Qb2 b5 29. Rb1 Rb8 30. Qa3 Bc7 31. Qxa7 h5 32. gxh5 Rb6 33. Rbf1 Kh7
34. Qa3 Bxh3 35. Bxh3 Qxh3+ 36. Bh2 Qxh5 37. Qxe7 Rh6 38. R1f2 Bxe5 39. Qf7 1-0

[Event "XVIII Torneo Int. "]
[Site "Navalmoral de la Mata"]
[Date "2012.12.06"]
[Round "3"]
[White "Nabaty, Tamir"]
[Black "Asis Gargatagli, Hipolito"]
[Result "1/2-1/2"]
[WhiteElo "2569"]
[BlackElo "2462"]
[PlyCount "134"]
[EventDate "2012.12.05"]
[EventRounds "9"]
[EventCountry "ESP"]

1. Nf3 Nf6 2. c4 c6 3. Nc3 d5 4. d4 dxc4 5. a4 Bf5 6. e3 e6 7. Bxc4 Bb4 8. O-O
O-O 9. Qe2 Bg6 10. Ne5 Nbd7 11. Nxg6 hxg6 12. Rd1 Qa5 13. e4 e5 14. d5 Rad8 15.
Na2 cxd5 16. exd5 Bd6 17. Nc3 a6 18. Bg5 Rc8 19. h4 Rfe8 20. Bd3 e4 21. Bc2 Qb4
22. Rab1 e3 23. fxe3 Nh7 24. Qf2 Nxg5 25. Rd4 Qb6 26. hxg5 Bc5 27. Rf1 Rf8 28.
a5 Qxb2 29. Na4 Qa2 30. Nxc5 Rxc5 31. Ba4 Qxf2+ 32. Rxf2 Rd8 33. Rb2 Rxa5 34.
Rxb7 Nc5 35. Rbb4 Rxa4 36. Rxa4 Nxa4 37. Rxa4 Rxd5 38. Rxa6 Rxg5 39. Kf2 Rg4
40. Ra8+ Kh7 41. Ra7 f5 42. Re7 g5 43. Re6 Ra4 44. Kf3 g6 45. Re8 Kh6 46. Rh8+
Kg7 47. Re8 Kf7 48. Rb8 g4+ 49. Kg3 Kf6 50. Rb6+ Kg5 51. Rb3 Ra2 52. Rc3 Re2
53. Ra3 Kh5 54. Rb3 g5 55. Ra3 Kg6 56. Kh2 Kf6 57. Ra6+ Ke5 58. Rg6 Rxe3 59.
Rxg5 Kf4 60. Rh5 Re2 61. Rh8 Re1 62. Rg8 Re3 63. Ra8 Re1 64. Ra4+ Re4 65. Ra3
Re3 66. Ra4+ Re4 67. Ra3 Re3 1/2-1/2

[Event "XVIII Torneo Int. "]
[Site "Navalmoral de la Mata"]
[Date "2012.12.06"]
[Round "3"]
[White "Narciso Dublan, Marc"]
[Black "Espinosa Aranda, Angel"]
[Result "1-0"]
[WhiteElo "2551"]
[BlackElo "2421"]
[PlyCount "49"]
[EventDate "2012.12.05"]
[EventRounds "9"]
[EventCountry "ESP"]

1. d4 d5 2. c4 c6 3. Nf3 Nf6 4. e3 e6 5. b3 Nbd7 6. Bb2 b6 7. Bd3 Bb7 8. O-O
Bd6 9. Nbd2 O-O 10. Ne5 c5 11. cxd5 exd5 12. f4 Ne4 13. Nxe4 dxe4 14. Bc4 Nf6
15. Qe2 Bc8 16. dxc5 Bxc5 17. Rad1 Qc7 18. g4 Ne8 19. Bd5 Bb7 20. Bxb7 Qxb7 21.
Nd7 Nc7 22. Nxf8 Rxf8 23. Bd4 Be7 24. f5 Nd5 25. Qg2 1-0

[Event "XVIII Torneo Int. "]
[Site "Navalmoral de la Mata"]
[Date "2012.12.06"]
[Round "3"]
[White "Cabezas Ayala, Ivan"]
[Black "Matamoros Franco, Carlos S"]
[Result "0-1"]
[WhiteElo "2315"]
[BlackElo "2519"]
[PlyCount "66"]
[EventDate "2012.12.05"]
[EventRounds "9"]
[EventCountry "ESP"]

1. Nf3 Nf6 2. g3 g6 3. Bg2 Bg7 4. O-O O-O 5. d3 d6 6. e4 c5 7. Re1 Nc6 8. c3
Bg4 9. h3 Bxf3 10. Qxf3 Nd7 11. h4 b5 12. h5 b4 13. a3 bxc3 14. bxc3 Rb8 15.
hxg6 hxg6 16. Qd1 Qa5 17. Bd2 Rb2 18. a4 Rfb8 19. Re3 R8b3 20. Be1 Qb6 21. Nd2
Rxc3 22. Nc4 Rxc4 23. dxc4 Bd4 24. a5 Qb8 25. Rea3 Nde5 26. Rc1 Rxf2 27. Bxf2
Bxf2+ 28. Kf1 Bd4 29. Rb1 Qc8 30. Qe2 Qe6 31. Rc1 Qf6+ 32. Bf3 Qg5 33. Qe1 Bb2
0-1

[Event "XVIII Torneo Int. "]
[Site "Navalmoral de la Mata"]
[Date "2012.12.06"]
[Round "3"]
[White "Enchev, Ivajlo"]
[Black "Perez Candelario, Manuel"]
[Result "0-1"]
[WhiteElo "2411"]
[BlackElo "2568"]
[PlyCount "136"]
[EventDate "2012.12.05"]
[EventRounds "9"]
[EventCountry "ESP"]

1. d4 d6 2. Nf3 g6 3. c4 Bg7 4. Nc3 e5 5. e4 Nc6 6. dxe5 dxe5 7. Qxd8+ Kxd8 8.
Bg5+ f6 9. Rd1+ Bd7 10. Be3 Nh6 11. h3 Nf7 12. c5 Kc8 13. Bc4 Ncd8 14. O-O Be6
15. Nd2 c6 16. b4 Re8 17. Be2 f5 18. f3 f4 19. Bf2 Bd7 20. Nb3 Ne6 21. Bc4 Kc7
22. a4 Rad8 23. b5 Bc8 24. bxc6 bxc6 25. Rb1 Rd7 26. Nd5+ cxd5 27. exd5 Nd4 28.
Be1 Kd8 29. Nxd4 exd4 30. Ba5+ Ke7 31. Rfe1+ Be5 32. d6+ Kf6 33. Bb5 d3 34.
Bxd3 Bd4+ 35. Kh2 Rxe1 36. Rxe1 Ne5 37. Bb5 a6 38. Bxd7 Bxd7 39. Bb6 Bc6 40.
Rd1 Bc3 41. Bd8+ Kf5 42. a5 Nd7 43. Bh4 g5 44. Be1 Be5 45. Bb4 Ke6 46. Rd2 h5
47. Kg1 Bb5 48. Rd1 Nb8 49. Be1 h4 50. Bf2 Nc6 51. Be1 Kd7 52. Rd5 Bc4 53. Rd1
Nd4 54. Bf2 Nc6 55. Be1 Bf6 56. Rc1 Bb5 57. Rd1 Ne5 58. Bf2 Nd3 59. Rd2 Bd8 60.
Bd4 Bxa5 61. Rc2 Bd8 62. Rc3 Nb4 63. Rc1 Nd3 64. Rc3 Kc6 65. Rc2 Kd5 66. Ba1
Nxc5 67. Rd2+ Ke6 68. Bc3 Nd3 0-1

[Event "XVIII Torneo Int. "]
[Site "Navalmoral de la Mata"]
[Date "2012.12.06"]
[Round "3"]
[White "Cano Cabanillas, Javier"]
[Black "Anton Guijarro, David"]
[Result "0-1"]
[WhiteElo "1986"]
[BlackElo "2558"]
[PlyCount "50"]
[EventDate "2012.12.05"]
[EventRounds "9"]
[EventCountry "ESP"]

1. e4 g6 2. d4 Bg7 3. Nc3 c6 4. Be3 d5 5. exd5 cxd5 6. Bd3 Nc6 7. Nge2 Nf6 8.
f3 O-O 9. a3 a6 10. Qd2 Re8 11. O-O b5 12. Na2 e5 13. dxe5 Nxe5 14. Nd4 Neg4
15. fxg4 Nxg4 16. Bf2 Bh6 17. Qd1 Bf4 18. Qf3 Bxh2+ 19. Kh1 Be5 20. Nc6 Qg5 21.
Bg3 Bf6 22. Ne5 Rxe5 23. Qf4 Qxf4 24. Rxf4 Rh5+ 25. Kg1 Be5 0-1

[Event "XVIII Torneo Int. "]
[Site "Navalmoral de la Mata"]
[Date "2012.12.06"]
[Round "3"]
[White "Fedorchuk, Sergey A"]
[Black "Almagro Mazariegos, Sebastian"]
[Result "1-0"]
[WhiteElo "2661"]
[BlackElo "2306"]
[PlyCount "31"]
[EventDate "2012.12.05"]
[EventRounds "9"]
[EventCountry "ESP"]

1. e4 c5 2. Nf3 d6 3. d4 cxd4 4. Nxd4 Nf6 5. Nc3 a6 6. h3 e6 7. g4 b5 8. Bg2
Bb7 9. O-O Nfd7 10. Re1 Be7 11. e5 Bxg2 12. exd6 Bxd6 13. Nxe6 fxe6 14. Qxd6
Bb7 15. Qxe6+ Kf8 16. Bg5 1-0